• 首页
  • 本馆介绍
  • 公告通知
  • 最新文献
  • 馆藏检索
  • 电子资源
  • 读者导购
  • 参考咨询
  • 我的图书馆
  • 登录
  • 详细信息显示
  • 放入我的书架
  • 预约/预借图书
  • 作者相关作品
  • 分类相关作品
  • 丛书相关作品
  • 出版社相关作品

书目信息

  • 表格格式
  • 工作单格式
  • 卡片格式
题名:
两种海道针经
    
 
作者: 向达 校注
分册:  
出版信息: 北京   中华书局  1982
页数: 282页
开本: 20cm
丛书名: 中外交通史籍丛刊
单 册:
中图分类: F512.9
科图分类:
主题词: 交通运输经济--概况--世界
电子资源:
ISBN:
000 00602nam0 2200217 450
001 0629456140
005 20060802104312.50
010    @dCNY1.10
100    @a20060801d1982 km y0chiy0120 ea
101 0  @achi
102    @aCN@b110000
200 1  @a两种海道针经@Aliang zhong hai dao zhen jing@f向达校注@Fxiang da xiao zhu
210    @a北京@c中华书局@d1982
215    @a282页@d20cm
225 2  @a中外交通史籍丛刊
410  0 @12001 @a中外交通史籍丛刊
606 0  @a交通运输经济@x概况@x世界
690    @aF512.9@v3
701  0 @a向达@Axiang da@4校注
801  0 @aCN@bPFT@c20060802
905    @a10447@dF512.9@e14
    
    两种海道针经/向达校注.-北京:中华书局,1982
    282页;20cm.-(中外交通史籍丛刊)
    
    
    ISBN :CNY1.10
    
●
相关链接 在E读中查询图书 在五车中查询图书 在当当中查询图书 在豆瓣中查询图书


正题名:两种海道针经     索取号:F512.9/14         预约/预借

序号 登录号 条形码 馆藏地/架位号 状态 备注
1 0441065   204410654   密集书库/ [索取号:F512.9/14] 在馆    
唐山师范学院图书馆 欢迎您!
大连网信软件有限公司© 版权所有